BTS A-Z - Statistics

General Stats
  • This quiz has been taken 387 times
  • The average score is 15 of 26
Answer Stats
Hint Answer % Correct
I - You can't stop me lovin myself IDOL
88%
N - EVERYBODY SAY N.O
87%
V - Just write Taehyung's name V
87%
E - You are the cause of my... Euphoria
84%
U - No English lyrics so here: UGH! UGH!
84%
Z - Z just write Z Z
84%
F - Ssak da bultaewora bow wow wow FIRE
79%
R - Dashi - - - Run
79%
M - Another trophy, my hands carry em Mic Drop
78%
G - Gominboda go Go Go
77%
X - Write Xenon I guess Xenon
76%
Y - Forever we are young Young Forever
76%
O - Gajyeowa bring the pain oh yeah ON
71%
K - No song so just write what we call Jungkook Kookie
65%
A - Waiting for you... Anpanman
55%
J - Nuga nareul marado naui gal gireul gandago Jump
51%
T - But I still want you The Truth Untold
51%
D - Yeongweoni hamkkenika DNA
48%
W - We are we are forever bulletproof We Are Bulletproof: The Eternal
48%
B - They call me ... Baepsae
47%
H - You know you got that Home
35%
C - But I don't care you can't control my swit Cypher Pt. 3
29%
S - Geu soneul namireojwo Save Me
29%
Q - So you think you can stone me and spit in my eye (not a BTS song) Queen
20%
L - You're my.... You're my..... Lights
15%
P - Oh hey ya hey ya Path
4%
No matching quizzes found
Score Distribution
Percent of People with Each Score
Percentile by Number Answered
Your Score History
You have not taken this quiz